Zmenená politika zamestnanosti komentujeme novelizovaný zákon

Bibliographic Details
Format: Article
Language:Slovak
Subjects:

MARC

LEADER 00000nab a2200000 a 4500
001 vtls001023376
003 SK-MaSNL
005 20260305035025.0
008 040720e19970116xo 0 slo
035 |a SL1955 
040 |a SLLK  |b slo  |c SLLK  |e AACR2 
041 0 |a slo 
044 |a xo  |c SK 
080 |a 331  |2 1981 
245 0 0 |a Zmenená politika zamestnanosti  |b komentujeme novelizovaný zákon  |c [autor] (J.H.) 
650 0 7 |a Zákon o zamestnanosti č. 387/1996 Z.z.  |2 SLLK  |9 1022675 
650 0 7 |a zamestnanosť  |2 SLLK  |9 2209 
651 7 |a Stará Ľubovňa (Slovensko : okres)  |2 SLLK  |9 19196 
773 0 8 |t Ľubovnianske noviny  |g Roč. 23, č.2, 16.1.1997, s. 1 
852 |a ZVYKNI  |b KIS3GCP 
999 |c 3331607  |d 3333537